Le langage du dessin: test de Wartegg-Biedma: version modifiée du Test de Wartegg
Salvato in:
| Autore principale: | |
|---|---|
| Altri autori: | |
| Natura: | Libro |
| Lingua: | francese |
| Pubblicazione: |
Neuchatel
Delachaux et Niestlé
1955
|
| Soggetti: | |
| Tags: |
Aggiungi Tag
Nessun Tag, puoi essere il primo ad aggiungerne!!
|
MARC
| LEADER | 00000nam a2200000 a 4500 | ||
|---|---|---|---|
| 001 | UCZ6791 | ||
| 003 | CL-VaPUC | ||
| 005 | 20240822162849.0 | ||
| 008 | 951215e19550000SZ |||||||||||||||||fre|d | ||
| 999 | |c 242962 |d 242960 | ||
| 040 | |c Pontificia Universidad Católica de Valparaíso | ||
| 082 | 0 | 4 | |a 153.93 BIE 1955 |2 21 |
| 100 | 0 | |a Biedma, Carlos J |9 351304 | |
| 245 | 1 | 3 | |a Le langage du dessin: test de Wartegg-Biedma: version modifiée du Test de Wartegg |
| 260 | |a Neuchatel |b Delachaux et Niestlé |c 1955 | ||
| 300 | |a 142 páginas | ||
| 500 | |a PRESTAMO RESTRINGIDO: Set de pruebas | ||
| 583 | |a last modification |c 19951215 00:00:00 |k Rodrigo Vera | ||
| 650 | 0 | |a Tests psicológicos |9 308644 | |
| 650 | 7 | |a CARACTERIOLOGIA |2 CL-VaPUC |9 334613 | |
| 650 | 0 | |a Personalidad |9 307255 | |
| 650 | 0 | |a Psicoanálisis |9 265702 | |
| 650 | 7 | |a PSICOLOGIA EXPERIMENTAL |2 CL-VaPUC |9 309015 | |
| 650 | 0 | |a Expresión |9 340759 | |
| 700 | 0 | |a D'Alfonso, Pedro G |9 351305 | |
| 942 | |c BK |2 ddc | ||
| 945 | |d 19951215 00:00:00 |a cmena | ||
| 952 | |0 0 |1 0 |2 ddc |4 0 |6 153_930000000000000_BIE_1955 |7 0 |8 P |9 256298 |a BIBEDU |b BIBEDU |c BIBEDU_PB |d 2019-11-19 |i 1609742 |o 153.93 BIE 1955 |p 1609742 |r 2024-01-25 |t 1 |w 2019-11-19 |y BK |k EDU | ||